Hoje não há farinha (Registo nº 6014)
[ vista simples ]
| 000 -Etiqueta do registo | |
|---|---|
| Valores | 01178nam a2200253 4500 |
| 010 ## - Número ISBN | |
| ISBN | 9789727125814 |
| 021 ## - Número do Depósito Legal | |
| Número | 309821/10 |
| 100 ## - Dados gerais de processamento | |
| Dados gerais | 20250924d2010 c y0pory5003 ba |
| 200 1# - Titulo e menção de responsabilidade | |
| Título próprio | Hoje não há farinha |
| Primeira menção de responsabilidade | texto adapatado Pedro Matias Maria |
| Outras menções de responsabilidade | il. Gombby |
| 210 #9 - Publicação | |
| Local de publicação | Alfragide |
| Nome do editor | NovaGaia |
| Data de publicação | 2010 |
| 215 ## - Descrição física | |
| Paginação / Volumes | [24] p. |
| Outras indicações físicas | todo il. |
| 225 2# - Colecção | |
| Título próprio da colecção | Gombby |
| Indicação de volume | 3 |
| 330 ## - Sumário ou Resumo | |
| Texto da nota | O Catavento não aparece com a farinha que o Gombby lhe encomendou e o Brigadeiro oferece-se para ir com o Gombby no Comboio Baloiço até ao Moinho, para ver o que teria acontecido. Encontram o Catavento a meio do túnel, onde o seu Comboio tinha ficado parado, mas, para azar, também o Comboio Baloiço sofre uma avaria e fica imobilizado.<br/>A situação é salva com a ajuda dos amigos da Ilha Verde, sobretudo do Engenhocas que depressa inventa uma forma de ultrapassar o problema! |
| 606 ## - Nome comum usado como assunto | |
| ID Autoridade | 14 |
| Palavra de ordem | Literatura infantil |
| 606 ## - Nome comum usado como assunto | |
| ID Autoridade | 15 |
| Palavra de ordem | Literatura Portuguesa |
| 675 ## - CDU | |
| Notação | 82-93 |
| Edição | BN |
| Língua | por |
| 675 ## - CDU | |
| Notação | 821.134.3 |
| Edição | BN |
| Língua | por |
| 702 ## - Autor secundário (pessoa individual) | |
| Apelido | Maria |
| Nome | Pedro Matias |
| ID Autoridade | 5700 |
| 712 ## - Autor secundário (colectividade) | |
| Nome da entidade | Gombby |
| ID Autoridade | 5701 |
| 801 #0 - Fonte de origem | |
| País | PT |
| Agência | BEN2VN |
| Regras de catalogação | RPC |
| 830 ## - Notas gerais do catalogador | |
| Criado por | Tânia Croca |
| Data de criação | 24/09/2025 |
| 990 ## - Elementos KOHA | |
| Tipo de documento | Livro |
| Situação do levantamento | Biblioteca de origem | Código de barras | Cota | Permissão de empréstimo | Tipo de documento | Forma de aquisição |
|---|---|---|---|---|---|---|
| Biblioteca Escola Nº2 Vendas Novas | 100000006502 | LI POR/MAR | Livro |